Podiel na zisku a daň z príjmov od roku 2017
Zákonná úprava zdanenia príjmov právnických osôb a fyzických osôb účinná od 1. januára 2017 významným spôsobom zasiahla aj do zdanenia príjmov, ktoré plynú týmto osobám z ich majetkových práv v obchodných spoločnostiach a družstvách. Po trinástich rokoch sa opäť zaviedlo do zákona č. 595/2003 Z. z....
Salvato in:
| Autore principale: | |
|---|---|
| Natura: | Capitolo di libro |
| Lingua: | slovacco |
| Soggetti: | |
| Tags: |
Nessun Tag, puoi essere il primo ad aggiungerne!!
|
MARC
| LEADER | 00000naa a2200000 4500 | ||
|---|---|---|---|
| 001 | 0229506 | ||
| 005 | 20221104110847.0 | ||
| 041 | 0 | |a slo | |
| 044 | |a SK | ||
| 245 | 1 | 0 | |a Podiel na zisku a daň z príjmov od roku 2017 |c Lucia Vanková |
| 520 | |a Zákonná úprava zdanenia príjmov právnických osôb a fyzických osôb účinná od 1. januára 2017 významným spôsobom zasiahla aj do zdanenia príjmov, ktoré plynú týmto osobám z ich majetkových práv v obchodných spoločnostiach a družstvách. Po trinástich rokoch sa opäť zaviedlo do zákona č. 595/2003 Z. z. o dani z príjmov v z. n. p. zdaňovanie podielov na zisku (dividend) a odstránil sa neštandardný nástroj – zdravotný odvod, ktorý bol unikátom na Slovensku medzi nástrojmi uplatňovanými na tento druh príjmov. Zákonná úprava v tejto oblasti platná od 1. 1. 2017. | ||
| 610 | 2 | 0 | |a Slovensko |
| 610 | 2 | 0 | |a úpravy právne |
| 610 | 2 | 0 | |a zdaňovanie |
| 610 | 2 | 0 | |a osoby právnické |
| 610 | 2 | 0 | |a dividendy |
| 610 | 2 | 0 | |a podiely na zisku |
| 100 | 1 | |a Vanková, Lucia | |